1995 1014 1676 1034 1263 1154 1924 1811 1403 1684 1969 1961 1879 1046 1508 1966 1329 1335 1976 1123 1749 1954 1927 1040 1241 1858 1337 1024 1044 1515 1929 1055 1461 1262 1760 1677 1664 1182 1393 1919 1947 1844 1594 1499 1939 1192 1495 1124 1639 1393 1773 1908 1700 1025 1312 1728 1721 1541 1439 1955 1053 1245 1394 1504 1757 1431 1968 1966 1428 1761 1936 1999 1059 1972 1579 1878 1072 1180 1492 1499 1583 1779 1269 1217 1735 1438 1467 1326 1975 1025 1224 1186 1025 1763 1052 1767 1192 1185 1288 BCNSPRNW ULIB Ver.6.0+V

เปลี่ยนเป็นภาษาไทย

Change to English
 แสดงรายละเอียดบรรณานุกรม
  กลับหน้าหลัก

Brief Record : Get Marc (ISO 2709) : E-mail record : QR code < ปิดหน้าต่าง
LEADER : 00000nam 2200000uu 4500
001    13399120397
003     ULIB
008    120919s2552||||th 000 0 tha d
020    ^a9786161400002
060 04 ^aWA100^bฉ448ร 2552
100 0  ^aเฉลียว ปิยะชน
245 10 ^aรู้สู้โรค :^bโมเลกุลเพื่อชีวิต ชีวิตเพื่อสุขภาพ /^cเฉลียวปิยะชน ; [บรรณาธิการ, นาถยา กัลโยธิน]
260    ^aกรุงเทพฯ :^bสุขภาพใจ,^c2552
300    ^a527 หน้า :^bภาพประกอบ ;^c21 ซม.
650  7 ^aการดูแลสุขภาพด้วยตนเอง^vรวมเรื่อง
650  7 ^aโรค^xการป้องกันและควบคุม
700 0  ^aนาถยา กัลโยธิน,^eบรรณาธิการ
945    ^p350^l0^i16613
995    ^aกัณชพร
999 ^a ใช้งานได้ทุกระบบ
รายการนี้ยังไม่มีแท็ก
คุณยังไม่ได้ล็อกอิน คุณสามารถมีกิจกรรมร่วมกับเว็บไซต์ได้ แต่ต้องล็อกอินก่อน ::
  ล็อกอิน

รายการสื่อสารสนเทศ

ลำดับที่ ประเภท เลขเรียก/บาร์โค้ด สถานที่ สถานะ
- ไม่พบข้อมูล -

รายการใกล้เคียง
    ผู้แต่ง [เฉลียว ปิยะชน]

BibComment


ยังไม่เคยถูกคอมเมนท์

คอมเมนท์ทรัพยากรรายการนี้
  คอมเมนท์: รู้สู้โรค โมเลก..


 Copyright 2026. Bcnsprnw @Library